| 000 | 00000nas 2200000za 4500 |
| 001 | 9.809958 |
| 003 | CaOODSP |
| 005 | 20250403105702 |
| 007 | cr ||||||||||| |
| 008 | 160126d19671972oncar p oss f000#b0fre|d |
| 022 | |y0575-9714 |
| 040 | |aCaOODSP|bfre |
| 041 | |aeng|afre |
| 043 | |an-cn--- |
| 086 | 1 |aCS71-201-PDF |
| 245 | 00|aSeasonally adjusted labour force statistics |h[ressource électronique] / |cDominion Bureau of Statistics, Special Surveys Division = Main-d'oeuvre statistiques désaisonnalisées / Bureau fédéral de la statistique, Division des enquêtes spéciales. |
| 246 | 11|aMain-d'oeuvre statistiques désaisonnalisées |
| 260 | |a[Ottawa] : |bBureau fédéral de la statistique, |c1967-1973. |
| 310 | |aAnnuel |
| 362 | 0 |aJanv. 1953/déc. 1966-Janv. 1953/déc. 1972. |
| 500 | |aÉdition numérisée de l’imprimé [par Statistique Canada]. |
| 525 | |aLa livr. de janv. 1953/déc. 1972 comporte un suppl. |
| 546 | |aTexte en anglais et en français. |
| 550 | |aPublié janv. 1954/déc. 1970 par la Division du travail; janv. 1953/déc. 1971-janv. 1953/déc. 1972 par Statistique Canada, Division du travail, Section des enquêtes sur la main-d'oeuvre. |
| 692 | 07|2gccst|aMarché du travail |
| 692 | 07|2gccst|aTravailleuse |
| 692 | 07|2gccst|aHomme |
| 710 | 1 |aCanada.|bBureau fédéral de la statistique.|bDivision des enquêtes spéciales. |
| 710 | 1 |aCanada. |bBureau fédéral de la statistique.|bDivision du travail. |
| 710 | 2 |aStatistique Canada.|bSection des enquêtes sur la main-d'oeuvre. |
| 710 | 2 |aStatistique Canada. |
| 785 | 00|tHistorical labour force statistics, actual data, seasonal factors, seasonally adjusted data |w(CaOODSP)9.809980 |
| 791 | |tSeasonally adjusted labour force statistics |eeng|w(CaOODSP)9.809953 |